| 000 | 00405nam a22001697a 4500 | ||
|---|---|---|---|
| 005 | 20260328165815.0 | ||
| 008 | 160617b xxu||||| |||| 00| 0 eng d | ||
| 020 | _a81-203-1713-0 | ||
| 041 | _aeng | ||
| 082 | _b8049 | ||
| 100 |
_aSenn. Larry E and Childrers, John R. _92162 |
||
| 245 | _aThe Secret of a Winning Culture | ||
| 260 |
_bPHI _c2000 |
||
| 300 | _a176 | ||
| 650 | _aManagement | ||
| 942 | _cBK | ||
| 999 |
_c3018 _d3017 |
||